Statistics for Top 10 Countries with the Highest Air Pollution

Click here to take the quiz!

General Stats

  • This quiz has been taken 75 times
  • The average score is 5 of 10

Answer Stats

RankCountry% Correct
9India
97%
4Bangladesh
71%
1Saudi Arabia
61%
2Qatar
59%
5Kuwait
57%
7United Arab Emirates
55%
3Egypt
48%
8Nepal
41%
10Libya
36%
6Cameroon
9%

Score Distribution

Percentile by Number Answered

Percent of People with Each Score

Your Score History

You have not taken this quiz